| 000 | 01408 a2200325 4500 | ||
|---|---|---|---|
| 005 | 20081212105620.0 | ||
| 008 | 081212t xxu||||| |||| 00| 0 eng d | ||
| 010 | _aENG-91540 | ||
| 020 |
_a9780195698138 _c645.00 |
||
| 020 |
_a0195698134 _c645.00 |
||
| 035 | _aEN-75073 | ||
| 037 | _bDBAD / PUB | ||
| 040 |
_aDPL _bENG |
||
| 082 | _a339.46091724 | ||
| 245 |
_aPublic expenditures, growth, and poverty : _blessons from developing countries / _cedited by Shenggen Fan. |
||
| 260 |
_aNew Delhi _bOxford University Press _c2008 |
||
| 300 |
_axv, 249 p. : _bill. _c24 cm.(Hb) |
||
| 490 | _aInternational Food Policy Research Institute | ||
| 500 | _a"Published for the International Food Policy Research Institute." | ||
| 500 | _aIncludes bibliographical references and index. | ||
| 650 |
_aPoverty _zDeveloping countries. |
||
| 650 |
_aPoverty _zDeveloping countries. _xPrevention. |
||
| 650 |
_aExpenditures, Public _zDeveloping countries. |
||
| 650 |
_aEconomic development _zDeveloping countries. |
||
| 651 |
_aDeveloping countries _xEconomic conditions _y20th century. |
||
| 651 |
_aDeveloping countries _xEconomic policy _y2000- |
||
| 700 | _aFan, Shenggen | ||
| 942 |
_2ddc _cCF _h339.46091724 |
||
| 999 |
_c18127 _d18127 |
||